Présidents américain sans voyelles - Statistiques

Statistiques générales
  • Ce quiz a été pris 154 fois
  • Le résultat moyen est 17 sur 20
Statistiques - réponses
Indices Réponses % Correct
BRHM LNCLN Abraham Lincoln
99%
BLL CLNTN Bill Clinton
99%
GRG WSHNGTN George Washington
99%
DNLD TRMP Donald Trump
98%
FRNKLN RSVLT Franklin Roosevelt
98%
GRG W. BSH George W. Bush
98%
BRCK BM Barack Obama
97%
THMS JFFRSN Thomas Jefferson
97%
JHN FTZGRLD KNND John Fitzgerald Kennedy
96%
RCHRD NXN Richard Nixon
95%
RNLD RGN Ronald Reagan
94%
J BDN Joe Biden
92%
JMM CRTR Jimmy Carter
85%
WDRW WLSN Woodrow Wilson
78%
HRR S. TRMN Harry S. Truman
77%
LSSS S. GRNT Ulysses S. Grant
68%
GRVR CLVLND Grover Cleveland
67%
DWGHT D. SNHWR Dwight D. Eisenhower
64%
JHN QNC DMS John Quincy Adams
42%
MRTN VN BRN Martin Van Buren
33%
Aucun quiz correspondant
Distribution des résultats
% des personnes avec chaque résultat
Percentile par nombre de réponses
Votre historique - résultats
Vous n’avez pas pris ce quiz